[Dramatische Werke] / (Record no. 82569)

MARC details
000 -LEADER
campo de control de longitud fija 00698nam a2200181 i 4500
001 - NÚMERO DE CONTROL
campo de control 82569
003 - IDENTIFICADOR DE NÚMERO DE CONTROL
campo de control ES-MaACL
005 - FECHA Y HORA DE LA ÚLTIMA TRANSACCIÓN
campo de control 20251110063222.0
007 - CAMPO FIJO DE DESCRIPCIÓN FÍSICA--INFORMACIÓN GENERAL
campo de control de longitud fija t|
008 - DATOS DE LONGITUD FIJA--INFORMACIÓN GENERAL
campo de control de longitud fija 041111s1920 gw ||||1| ger d
100 1# - ENTRADA PRINCIPAL--NOMBRE DE PERSONA
Nombre de persona Ibsen, Henrik,
Fechas asociadas al nombre 1828-1906
9 (RLIN) 65031
245 10 - MENCIÓN DEL TÍTULO
Título [Dramatische Werke] /
Mención de responsabilidad, etc. Henrik Ibsen.
260 ## - PUBLICACIÓN, DISTRIBUCIÓN, ETC.
Lugar de publicación, distribución, etc. Leipzig :
Nombre del editor, distribuidor, etc. [s.n.,
Fecha de publicación, distribución, etc. 1920] (
Fabricante Druck Gresner ; Schraum)
300 ## - DESCRIPCIÓN FÍSICA
Extensión 3 v. ;
Dimensiones 20 cm.
505 8# - NOTA DE CONTENIDO CON FORMATO
Nota de contenido con formato Contiene: V. I: Die Hutsen der Gessellschaft ; Gespreuster ; Die Wildente. -- V.II: Nora : (ein Pupperheim) ; Ein Volksfeind ; Rosmersholm. -- V. III: Die Meerfran ; Hedda Gabler ; Baumister Solness
852 ## - LOCALIZACIÓN
Ubicación ES-MaACL
Número de control de estantería A-4865-67
Sublocalización o colección R.16751
Holdings
Estatus retirado Estado de pérdida Estado de daño No para préstamo Biblioteca de origen Biblioteca actual Ubicación en estantería Fecha de adquisición Fuente de adquisición Total de préstamos Signatura topográfica completa Código de barras Visto por última vez Precio de reemplazo Tipo de ítem Koha
        Biblioteca del Ateneo de Madrid Biblioteca del Ateneo de Madrid Sala Pecera Planta 1 17/01/2008     A-4865-67 1086294 23/02/2023 23/02/2023 Libro impreso